000 00366nam a2200157Ia 4500
003 Ost
005 20260225132539.0
008 260225s9999||||xx |||||||||||||| ||und||
040 _cfsic
041 _afre
082 _a305.3
100 _aEvelyne bichet
_eAuteur
245 0 _aGuide des sources d'information 1997 /
245 0 _cEvelyne bichet
942 _cكتاب
999 _c33376
_d33376